|
|
|
|
| LEADER |
00850pam a22002178a 4500 |
| 001 |
00021087 |
| 005 |
20171026081022.0 |
| 008 |
110521s1980 ||||||Viesd |
| 041 |
0 |
# |
|a Vie
|
| 082 |
1 |
4 |
|a 895.922 1
|b H107KH
|
| 100 |
0 |
# |
|a Võ Văn Trực
|
| 245 |
0 |
0 |
|a Hành khúc mùa xuân
|b Trường ca
|c Võ Văn Trực
|
| 260 |
# |
# |
|a H.
|b Thanh niên
|c 1980
|
| 300 |
# |
# |
|c 19 cm.
|a 127 tr.
|
| 650 |
# |
4 |
|a Văn học Việt Nam
|
| 653 |
# |
# |
|a Trường ca
|
| 852 |
# |
# |
|b Kho mượn
|j KM.0009087, KM.0009088, KM.0009089, KM.0009090, KM.0011491, KM.0011492, KM.0011493
|
| 852 |
# |
# |
|b Kho đọc
|j KD.0006472
|
| 852 |
# |
# |
|j KM.0009088
|j KM.0009089
|j KM.0009090
|j KM.0011491
|j KM.0011492
|j KD.0006472
|j KM.0009087
|j KM.0011493
|
| 910 |
0 |
# |
|a Hoa Lê
|d 21/05/2011
|
| 980 |
# |
# |
|a Trung tâm Học liệu Lê Vũ Hùng, Trường Đại học Đồng Tháp
|